| 000 | 00738nam a2200241Ia 4500 | ||
|---|---|---|---|
| 003 | OSt | ||
| 005 | 20220923221900.0 | ||
| 006 | a|||||r|||| 00| 0 | ||
| 007 | ta | ||
| 008 | NEP | ||
| 024 | _a200,795 | ||
| 037 | _cTextual | ||
| 040 |
_aARTS _cARTS _bNEP |
||
| 041 |
_2NEP _aNEP |
||
| 082 | _aO1595,1:g, 152M6 | ||
| 100 | _aसांकृत्यायन, कमला | ||
| 245 | 0 | _aनेपाली साहित्य | |
| 246 | _aNepālī sāhitya | ||
| 260 |
_aकलकत्ता _b भारतीय भाषा परिषद् ्र _c1996 |
||
| 300 |
_a28 पृ0 _ccm. |
||
| 942 |
_hO1595,1:g, 152M6 _cTEXL _2CC |
||
| 999 |
_c352467 _d352467 |
||